Ako podnikať

Z obsahu: Veľké firmy čakajú na daňový mostík. Medzinárodné účtovné štandardy - kto musí účtovať podľa IAS/IFRS. Efektívny predajca - lacnejšia ponuka. Daňové priznanie 2005 (právnické osoby). Zmeny v zdaňovaní právnických osôb. Zdanenie príjmu zo zahraničia. Predaj zdedeného bytu a daň z príjmu.

Salvato in:
Dettagli Bibliografici
Natura: Capitolo di libro
Lingua:slovacco
Soggetti:
Tags: Aggiungi Tag
Nessun Tag, puoi essere il primo ad aggiungerne!!

MARC

LEADER 00000naa$a2200000$$$4500
001 0039867
005 20231009082810.5
041 0 |a slo 
044 |a SK 
245 1 0 |a Ako podnikať 
520 |a Z obsahu: Veľké firmy čakajú na daňový mostík. Medzinárodné účtovné štandardy - kto musí účtovať podľa IAS/IFRS. Efektívny predajca - lacnejšia ponuka. Daňové priznanie 2005 (právnické osoby). Zmeny v zdaňovaní právnických osôb. Zdanenie príjmu zo zahraničia. Predaj zdedeného bytu a daň z príjmu. 
610 2 0 |a podnikanie 
610 2 0 |a dane 
610 2 0 |a štandardy účtovné medzinárodné 
610 2 0 |a predaj 
610 2 0 |a ponuka 
610 2 0 |a priznania daňové 
610 2 0 |a osoby právnické 
610 2 0 |a byty 
610 2 0 |a dane z príjmov 
610 2 0 |a 2005